Missing Word: Dr. Seuss Books Quiz Stats

 Plays Quiz not verified by Sporcle

Challenge
Share
Tweet
Embed
Score 0/79 Timer 17:00
0 Plays Today
Book Missing Word % Correct
The Cat in the ____ Comes BackHat
90%
Horton Hears a ____!Who
88.3%
________ Hatches the EggHorton
85%
How the _______ Stole Christmas!Grinch
85%
The ____ in the HatCat
85%
And to Think I Saw It on __________ StreetMulberry
83.3%
One ______, Two _______, Red ______, Blue ______Fish
83.3%
Fox in _______Socks
81.7%
Green ______ and HamEggs
80%
Hop on _____Pop
80%
Oh, the Places You'll ______Go
76.7%
______ the Turtle and Other StoriesYertle
73.3%
The 500 _____ of Bartholomew CubbinsHats
65%
If I Ran the ______Zoo
61.7%
Happy _________ to You!Birthday
61.7%
There's a ________ in my Pocket!Wocket
61.7%
Mr. Brown Can _____! Can You?: Dr. Seuss's Book of Wonderful Noises!Moo
55%
I Can _______ with My Eyes Shut!Read
53.3%
If I Ran the ________ Circus
48.3%
My Book about ___ME
48.3%
The _______ BookFoot
46.7%
You're Only ______ Once!Old
43.3%
Oh, the _______ You Can Think!Thinks
41.7%
The Butter ________ BookBattle
41.7%
Thidwick the Big-Hearted _______Moose
41.7%
Oh _____ Can You ______?Say
40%
I am NOT Going to Get Up _______!Today
40%
The ________Lorax
36.7%
The _________ and Other StoriesSneetches
35%
Did I Ever Tell You How _______ You Are?Lucky
33.3%
I Can ______ 30 Tigers Today! and Other StoriesLick
31.7%
_________ in BunchesHunches
31.7%
Bartholomew and the ________Oobleck
31.7%
Mc__________'s PoolElligot
28.3%
__________ Eggs Super!Scrambled
28.3%
Marvin K. ________ Will You Please Go Now!Mooney
28.3%
On Beyond _______!Zebra
26.7%
Dr. Suess's ________ BookSleep
26.7%
Dr Suess's _____ABC
26.7%
I Had Trouble in Getting to ______ SollewSolla
26.7%
Book Missing Word % Correct
I Wish That I Had _______ FeetDuck
26.7%
The King's ______Stilts
25%
The _______ Lady GodivasSeven
25%
Other Story 1: Gertrude Mc_____Fuzz
25%
Other Story 3: What Was I ________ Of?Scared
25%
The _______ of Me and Other StuffShape
25%
Ten _______ Up on Top!Apples
25%
Come over to My _______House
25%
Great Day for ____!Up
23.3%
Daisy-Headed ______Mayzie
23.3%
Other Story 2: Too Many ________Daves
21.7%
Maybe You Should Fly a Jet! Maybe You Should Be a _____!Vet
21.7%
________ WednesdayWacky
20%
Other Story 1: The ______Zax
18.3%
I Can ______! A Book by Me, MyselfWrite
18.3%
I Can _____ It Myself by Me, MyselfDraw
16.7%
The Cat's ________Quizzer
16.7%
In a ________ HousePeople
15%
My Many ________ DaysColored
13.3%
__________ Humperdink...? Not Him!Hooper
13.3%
Please Try to Remember the First of __________!Octember
13.3%
Because a Little _____ Went Ka-Choo!!Bug
13.3%
Other Story 2: The Big _____Brag
11.7%
The Cat in the Hat ______ BookSong
11.7%
Other Story 2: The Glunk that Got _______Thunk
11.7%
Hooray for _____________ Day!Diffendoofer
11.7%
The Tough _______ as He Ploughs the DoughCoughs
10%
The _____ BookEye
10%
Would You Rather Be a _________?Bullfrog
10%
The ________ BookTooth
10%
Other Story 1: King _______ KatzLooie
6.7%
Other Lost Story 6: The ______ Henry McBrideGreat
5%
The ________ Seed and Other Lost StoriesBippolo
3.3%
Other Lost Story 2: Gustav, the _________Goldfish
3.3%
Other Lost Story 3: _______ and ToddTadd
3.3%
Other Lost Story 4: _______ for SupperSteak
3.3%
Other Lost Story 5: The Strange _____ SpotShirt
3.3%
The Many Mice of Mr. _______ a.k.a. The Pop-Up Mice of Mr. _______Brice
3.3%
Other Lost Story 1: The Rabbit, The Bear, and the _____________-__________Zinniga-Zanniga
1.7%

You're not logged in!

Compare scores with friends on all Sporcle quizzes.
OR
Log In

You Might Also Like...

Show Comments

Extras

Top Quizzes Today


Score Distribution

Your Account Isn't Verified!

In order to create a playlist on Sporcle, you need to verify the email address you used during registration. Go to your Sporcle Settings to finish the process.

Report this User

Report this user for behavior that violates our Community Guidelines.

Details: